| 000 | 00399nam a22001577a 4500 | ||
|---|---|---|---|
| 005 | 20250226155705.0 | ||
| 008 | 250226b |||||||| |||| 00| 0 eng d | ||
| 020 | _a9780333973585 | ||
| 050 |
_aHF5549 _bPET |
||
| 100 | _aPettinger, Richard | ||
| 245 | _aMastering employee development | ||
| 260 |
_aNew York _bPalgrave _cc2002 |
||
| 300 | _ax, 225p | ||
| 500 | _aincludes index | ||
| 942 |
_2lcc _cBK _n0 |
||
| 999 |
_c4372 _d4372 |
||